000 00992njm a22002777a 4500
005 20100921122341.0
007 sd ammalaaahaa
008 100913t xxu||||| |||| 00| 0 hin d
028 _aPMLR 1331
_bHis Master's Voice
035 _aGR-04475
040 _aSED
_cSED
100 _aHemant Kumar
_91184
245 _aAll time greats /
_cby Hemant Kumar
_h[sound recording] :
260 _aDum Dum India
_bHis Master's Voice
_c1988
300 _a1 sound disc [Gramophone record] :
_banalog, 33 1/3 rpm
_c12.5 in. (LP)
_fGramophone Record
440 _920895
500 _aBrief Record
500 _aRecord label :His Master's Voice, Black
505 _aSide-1 (Ya dil ki suno) (Anupama) Side-2 (Zara nazron se kahdoji) (Hemant Kumar)
600 _aHement Kumar
_919992
650 _aHindi Film Songs
_xExcerpts
_zIndia
_919603
650 _aGhazals
_920910
700 _920882
942 _2ddc
_cGR
999 _c47222
_d47222